00624nam a2200205u 450000100060000000300080000600500170001400800390003103500190007004000330008904100080012208200170013010000440014724500370019125000130022826000350024130000370027665100510031370000540036414869BD-RjUL20211208235716.0140208s1927 ii 000 0 eng a(BD-RjUL)14923 aDLCcCarPdDLCdBD-RjULbeng aeng a330.954bIND2 aDas Gupta, Tarapada, [from old catalog]10aIndian economics in a nutshell / a1st ed.  aCalcutta :bR. Cambray,c1927. a1 v. (various pagings) ;c19 cm. 0aIndiaxEconomic conditions. [from old catalog]1 aSen, Hemanta Kumar, [from old catalog]ejoint ed.